000 00193nam a2200085Ia 4500
008 170617s9999 xx 000 0 und d
100 _aRao Devala
245 0 _aPharmaceutical Analysis
260 _bBirla Pub
260 _c2005
999 _c15146
_d15146